00770nam a22001817a 4500003000200000005001700002008004100019050002300060100002900083245012600112260007300238300002800311504005200339650004300391650005900434650004600493650004900539020250109150638.0250109b xxu||||| |||| 00| 0 eng d aRJ 505b.Sa23 2023 aSalibio, Dabereth Baller aThe effectiveness of art therapy program on the self-efficacy of children with reading disorderscDabereth Baller-Salibio aLas Piñas CitybSouthville International School and Collegesc2023 axiv, 178 pages ;c29cm. aIncludes bibliographical references and index.  aArt therapy for children—Evaluation. aReading disorders in children—Psychological aspects. aSelf-efficacy in children—Case studies. aChildren with disabilities—Rehabilitation.